| 000 | 01893cab a2200289 4500 | ||
|---|---|---|---|
| 001 | ABS67341 | ||
| 008 | 040105n2003 000 0 eng u | ||
| 035 | _a(Sirsi) u124709 | ||
| 100 | _aWinkley, R. | ||
| 245 | _aNo punches pulled | ||
| 260 | _c2003 | ||
| 490 |
_aPlanning (for the Natural and Built Environment) _v(1550) 19 December 2003, 14-15(2) |
||
| 520 | _aExamines HM Treasury's review of housing supply compiled by Kate Barker. The interim report has been welcomed as one of the best analyses of the dire state of the UK house building industry to date. The review suggests that both the building industry and planning policies are partly to blame for the problems associated with record low levels of house building in the UK. Housing undersupply is confirmed as a core driver of house price inflation and housing land supply is seen as the key factor affecting the number of housing completions. It characterises the house building industry as reluctant to invest in brownfield development and low in levels of innovation and considers the planning system as too complex and slow. It draws out some external constraints affecting the delivery of new housing. Looks at how the Barker review will rekindle the brownfield-greenfield debate. The Barker review is available at www.hm-treasury.gov.uk/. | ||
| 590 | _aABS | ||
| 650 | _aBARKER REVIEW OF HOUSING SUPPLY: SECURING OUR FUTURE HOUSING NEEDS | ||
| 650 | _aHOUSING SUPPLY | ||
| 650 | _aLAND SUPPLY | ||
| 650 | _aGREENFIELD SITES | ||
| 650 | _aBROWNFIELD SITES | ||
| 650 | _aHOUSE BUILDING INDUSTRY | ||
| 650 | _aHOUSE PRICE INFLATION | ||
| 650 | _aPLANNING SYSTEM | ||
| 650 | _aHOUSE COMPLETIONS | ||
| 690 | _aHOUSING-DEVELOPMENT | ||
| 856 |
_uhttps://www.hm-treasury.gov.uk/consultations_and_legislation/barker/consult_barker_index.cfm _zView the Barker Review on the HM Treasury website... |
||
| 942 | _n0 | ||
| 999 |
_c74011 _d74011 |
||